General Merchandise Guide of Japan 1982 - 1983

Kaydedildi:
Detaylı Bibliyografya
Müşterek Yazar: Display Hall of Japan General Merchandise Promotion Center
Materyal Türü: Kitap
Dil:Undetermined
Baskı/Yayın Bilgisi: Tokyo Yoshinaga Prence 1983
Konular:
Etiketler: Etiketle
Etiket eklenmemiş, İlk siz ekleyin!
Thư viện lưu trữ: Trung tâm Học liệu Trường Đại học Cần Thơ
LEADER 00568nam a2200181Ia 4500
001 CTU_99564
008 210402s9999 xx 000 0 und d
082 |a 658.7 
082 |b D611 
110 |a Display Hall of Japan General Merchandise Promotion Center 
245 0 |a General Merchandise Guide of Japan 1982 - 1983 
245 0 |c Display Hall of Japan General Merchandise Promotion Center 
260 |a Tokyo 
260 |b Yoshinaga Prence 
260 |c 1983 
650 |a Purchasing 
904 |i Hiếu 
980 |a Trung tâm Học liệu Trường Đại học Cần Thơ